| 000 | 01100cam a22003137a 4500 | ||
|---|---|---|---|
| 999 |
_c12339 _d12339 |
||
| 003 | EG-ScBUE | ||
| 005 | 20201128020801.0 | ||
| 008 | 090712t1994 enk f 000 0 eng d | ||
| 020 | _a0130178721 | ||
| 020 | _a9780130178725 | ||
| 040 |
_aEG-ScBUE _beng _erda _cEG-ScBUE _dEG-ScBUE |
||
| 082 | 0 | 4 |
_a428.64 _bMCG _222 |
| 100 | 1 |
_aMcGovern, Don, _d1949-1993, _eauthor. |
|
| 245 | 1 | 0 |
_aReading : _bstudent`s book / _cDon McGovern, Margaret Matthews, S. E. Mackay. |
| 264 | 1 |
_aHertfordshire : _bPrentice Hall International, _c1994. |
|
| 300 |
_avi, 87 pages ; _c20 cm. |
||
| 336 |
_2rdacontent _atext _btxt |
||
| 337 |
_2rdamedia _aunmediated _bn |
||
| 338 |
_2rdacarrier _avolume _bnc |
||
| 490 | 0 | _aEnglish for academic study series | |
| 590 | _abasant emad | ||
| 650 | 7 |
_aEnglish language _vTextbooks for foreign speakers. _2BUEsh _92389 |
|
| 650 | 7 |
_aReading (Higher education) _xProblems, exercises, etc. _2BUEsh _98348 |
|
| 653 |
_bHHUUEENN _cDecember2019 |
||
| 655 |
_vReading book _934232 |
||
| 700 | 1 |
_aMatthews, Margaret, _eauthor. |
|
| 700 | 1 |
_aMackay, Susan E, _eauthor. |
|
| 942 |
_2ddc _cBB |
||